Summer Camp Logic Puzzle Quiz Stats

 Plays Quiz Updated Aug 4, 2014

Support Sporcle.
Go Orange.
Score 0/30 Timer 20:00
2 Plays Today
Hint Answer % Correct
Mountain Climbing



???
100%
Bird Watching



???
81.3%
Bee Keeping



???
78.2%
Horseback Riding



???
75%
Archery




???
60.2%
Accounting




???
56%
First Aid




???
53.4%
Burglary




???
51.2%
Ghost Stories



???
47.3%
Kayaking




???
45.8%
General Surgery



???
43.4%
Quilting




???
40.9%
Bartending




???
31.7%
Psycho- Therapy



???
30.9%
Special Casseroles



???
28.2%
Hint Answer % Correct
Carpentry




???
27.7%
Cooking with Fire



???
26.2%
Online Poker



???
25.9%
Film Production



???
25.6%
Tort Law



???
25.5%
Lanyard Making



???
25.4%
Fashion Design



???
23.8%
Piano Tuning



???
20.7%
Fencing




???
20.1%
Advanced Legos



???
19.8%
Origami




???
18.4%
Fortune Telling



???
17.9%
Code Breaking



???
15.6%
Ice Sculpture



???
14.7%
Finger Painting



???
13.6%

You're not logged in!

Compare scores with friends on all Sporcle quizzes.
OR
Log In

From the Vault

Odd But True Facts XI

by babymonkee

Between 2003 and 2015, 9,000 Americans lost fingers in...? Hint, it wasn't a panda.
Remove Ads.
Support Sporcle.
Get the best of Sporcle when you Go Orange. This ad-free experience offers more features, more stats, and more fun while also helping to support Sporcle. Thank you for becoming a member.

Show Comments

Extras

Top Quizzes Today


Score Distribution

Your Account Isn't Verified!

In order to create a playlist on Sporcle, you need to verify the email address you used during registration. Go to your Sporcle Settings to finish the process.

Report this User

Report this user for behavior that violates our Community Guidelines.

Details: